Książnica Cieszyńska

Bibliographic Details
Main Author: Szelong, Krzysztof (Author)
Other Authors: Borowicz, Piotr (Illuminator)
Format: Book
Language:Polish
PhysicalDescription:55 s. 24 cm
Published: Cieszyn Książnica Cieszyńska 1995
ISBN:8390288818
Subjects:

MARC

LEADER 00000nam a2200000 a 4500
001 vtls001379588
003 SK-MaSNL
005 20260301071136.0
008 251124s1995 PL ah r 0 pol
020 |a 8390288818  |c [130,00] 
035 |a SNK000333563 
040 |a SNK  |b slo  |c SNK  |e AACR2 
044 |a PL 
080 |a 027.5(438-21)(082)  |2 1981 
100 1 |a Szelong, Krzysztof  |4 aut  |9 388472 
245 1 |a Książnica Cieszyńska  |c [tekst Krzystof Szelong ; reprodukcje Piotr Borowicz] 
260 |a Cieszyn  |b Książnica Cieszyńska  |c 1995 
300 |a 55 s.  |c 24 cm 
650 0 7 |a Štetínska knižnica, Poľsko  |x zborníky  |2 SNK  |9 388473 
700 1 |a Borowicz, Piotr  |4 ilu  |9 388474 
919 |a 83-902888-1-8 
999 |c 636741  |d 638671 
952 |t P60, <04>, [BOOK], {604}  |a SNK  |b SNK  |y VYP  |7 0  |p 17A0228084  |o snkIC 128390  |i snkV 260/2000  |0 0  |1 0  |4 0  |d 2000-02-15  |l 0  |r 2005-01-02 00:00:00  |w 2026-02-23